ბათუმის შოთა რუსთაველის სახელმწიფო უნივერსიტეტის ბიბლიოთეკა

ქართული ენა : (ბიბ.ჩანაწერი № 53470)

000 -ლიდერი
ფიქსირებული სიგრძის საკონტროლო ველი 01586nam a2200325Ia 4500
001 - საკონტროლო ნომერი
საკონტროლო ველი 20516
003 - საკონტროლო ნომრის იდენტიფიკატორი
საკონტროლო ველი GE_BSU
005 - ბოლო ოპერაციის თარიღი და დრო
საკონტროლო ველი 20210107222606.0
008 - ფიქსირებული სიგრძის მონაცემთა ელემენტები - ზოგადი ინფორმაცია
ფიქსირებული სიგრძის საკონტროლო ველი 181216s1986||||ge |||||||||||||| || ||
040 ## - კატალოგიზაციის წყარო
Transcribing agency GE_BSU
041 ## - ენის კოდი
Language code of text/sound track or separate title geo
080 ## - უნივერსალური ათობითი კლასიფიკაციის ინდექსი
Universal Decimal Classification number 811.353.1-8(075.3) შ-21
100 ## - მთავარი ჩანაწერი - პიროვნების სახელი
Personal name შანიძე, ა.
9 (RLIN) 10005
245 ## - ცნობა სათაურის შესახებ
Title ქართული ენა :
Remainder of title ლექსიკა და ფრაზეოლოგია, მორფოლოგია, ორთოგრაფია, მეტყველების განვითარება /
Statement of responsibility, etc ა. შანიძე, ი. იმნაიშვილი, ლ. კვაჭაძე ; რედ. ე. პოლოლიკაშვილი
250 ## - გამოცემის ცნობა
Edition statement მე-3 გამოცემა
264 ## - წარმოების, გამოცემის, დისტრიბუციის და სხვა ცნობები
გამოცემის, წარმოების, დისტრიბუციის... ადგილი თბილისი :
გამოცემის, წარმოების, დისტრიბუციის... სახელწოდება განათლება,
გამოცემის, წარმოების, დისტრიბუციის... თარიღი 1986.
300 ## - ფიზიკური აღწერა
Extent 131გვ. ;
Dimensions 19 სმ.
653 ## - INDEX TERM--UNCONTROLLED
Uncontrolled term V კლასის სახელმძღვანელო
653 ## - INDEX TERM--UNCONTROLLED
Uncontrolled term ქართული ენა : და , , ,
653 ## - INDEX TERM--UNCONTROLLED
Uncontrolled term ლექსიკა
653 ## - INDEX TERM--UNCONTROLLED
Uncontrolled term ფრაზეოლოგია
653 ## - INDEX TERM--UNCONTROLLED
Uncontrolled term მორფოლოგია
653 ## - INDEX TERM--UNCONTROLLED
Uncontrolled term ორთოგრაფია
653 ## - INDEX TERM--UNCONTROLLED
Uncontrolled term მეტყველების განვითარება
700 ## - ADDED ENTRY--PERSONAL NAME
Personal name იმნაიშვილი, ი.
Relator term ავტორი
9 (RLIN) 10006
700 ## - ADDED ENTRY--PERSONAL NAME
Personal name კვაჭაძე, ლ.
Relator term ავტორი
9 (RLIN) 10007
700 ## - ADDED ENTRY--PERSONAL NAME
Personal name პოლოლიკაშვილი, ე.
Relator term რედაქტორი
9 (RLIN) 10008
942 ## - ADDED ENTRY ELEMENTS (KOHA)
Koha item type წიგნი
Source of classification or shelving scheme
ეგზემპლარები
ჩამოწერის სტატუსი დაკარგული ეგზემპლარის სტატუსი კლასიფიკაციის წყარო ან თაროზე გაწყობის სქემა დაზიანების სტატუსი არ გაიცემა მუდმივი მდებარეობა (დაცვის ადგილი) ამჟამინდელი ადგილსამყოფელი თაროზე განთავსების ადგილი შეძენის თარიღი ღირებულება, შესყიდვის ნორმალური ფასი სრული შენახვის შიფრი შტრიხკოდი ბოლო ოპერაციის თარიღი ეგზემპლარის მიმდევრობითი ნომერი (კეტერი?) ფასის ძალაში შესვლის თარიღი ეგზემპლარის სახეობა საჯარო შენიშვნა
          ბათუმის შოთა რუსთაველის სახელმწიფო უნივერსიტეტის მთავარი ბიბლიოთეკა ბათუმის შოთა რუსთაველის სახელმწიფო უნივერსიტეტის მთავარი ბიბლიოთეკა წიგნსაცავი 2018-12-17 0.30 811.353.1-8(075.3) შ-21 53494 2018-12-17 53494 2018-12-17 წიგნი 0.30 ლ.